[Event "13th Salona"]
[Site "Solin CRO"]
[Date "2005.12.12"]
[Round "5"]
[White "Jovanic,O"]
[Black "Kovalevskaya,E"]
[Result "1/2-1/2"]
[WhiteElo "2469"]
[BlackElo "2457"]

1.d4 Nf6 2.c4 e6 3.Nf3 Bb4+ 4.Nbd2 O-O 5.a3 Be7 6.e4 d5 7.Bd3 c5 8.cxd5 exd5
9.e5 Nfd7 10.O-O Nc6 11.Re1 a5 12.Qe2 h6 13.b3 cxd4 14.Bb2 Nc5 15.Nxd4 Nxd4
16.Bxd4 Nxd3 17.Qxd3 Be6 18.Nf1 Qd7 19.Ne3 Bg5 20.Rac1 Rfc8 21.a4 Rxc1 22.Rxc1 Rc8
23.Rc3 Rxc3 24.Qxc3 Bxe3 25.Qxe3 Qc6 26.h3 Qc2 27.Kh2 Kh7 28.Bb6 Qe4 29.Bxa5 Qxe3
30.fxe3 Bf5 31.Bc3 Bc2 32.a5 Bxb3  1/2-1/2

[Event "13th Salona"]
[Site "Solin CRO"]
[Date "2005.12.16"]
[Round "9"]
[White "Saric,A"]
[Black "Kovalevskaya,E"]
[Result "1/2-1/2"]
[WhiteElo "2437"]
[BlackElo "2457"]

1.d4 Nf6 2.Nf3 e6 3.c4 Bb4+ 4.Nbd2 O-O 5.e3 a5 6.Bd3 d5 7.Qc2 dxc4 8.Bxc4 Nbd7
9.O-O Qe7 10.Ne5 Bd6 11.Ndf3 c5 12.Re1 Bb8 13.Bd3 h6 14.Bd2 Nxe5 15.dxe5 Nd7
16.Bc3 b6 17.Bh7+ Kh8 18.Be4 Ra7 19.a4 Rd8 20.b3 Bb7 21.Bxb7 Rxb7 22.Rad1 Nf8
23.Nd2 Rbd7 24.Nc4 Bc7 25.f4 Kg8 26.Nb2 Ng6 27.Rxd7 Rxd7 28.Rd1 Qd8 29.Rd3 Ne7
30.Qd2 Rxd3 31.Qxd3 Qxd3 32.Nxd3 Kf8 33.Kf2 Ke8 34.e4 Kd7 35.Nb2 Nc6 36.Ke3 Na7
37.Nc4 g6 38.Kd3 Kc6 39.Be1 Nc8 40.Na3  1/2-1/2

[Event "13th Salona"]
[Site "Solin CRO"]
[Date "2005.12.17"]
[Round "10"]
[White "Jovanic,O"]
[Black "Kurajica,B"]
[Result "0-1"]
[WhiteElo "2469"]
[BlackElo "2533"]

1.d4 Nf6 2.c4 e6 3.Nf3 Bb4+ 4.Nbd2 d5 5.Qa4+ Nc6 6.a3 Bxd2+ 7.Bxd2 Ne4 8.Qc2 e5
9.dxe5 Bf5 10.Qa4 O-O 11.Rd1 d4 12.Qb5 Qc8 13.Ng5 Nxg5 14.Bxg5 Bc2 15.Rd2 a6
16.Qc5 Be4 17.a4 Qg4 18.Be7 Rfe8 19.f3 Qf4 20.g3 Qe3 21.e6 Rxe7 22.exf7+ Rxf7
23.fxe4 Qxe4 24.Qd5 Qb1+ 25.Rd1 Qxb2 26.Bg2 Qc3+ 27.Rd2 Nb4  0-1

[Event "Open"]
[Site "Erandio ESP"]
[Date "2005.12.19"]
[Round "5"]
[White "Mirzoev,A"]
[Black "Carnicero Rodriguez,L"]
[Result "1-0"]
[WhiteElo "2520"]
[BlackElo "2122"]

1.d4 e6 2.c4 Nf6 3.Nf3 Bb4+ 4.Nbd2 O-O 5.a3 Bxd2+ 6.Qxd2 a5 7.b3 d6 8.g3 Qe7
9.Bg2 Nc6 10.O-O e5 11.Bb2 Bg4 12.dxe5 dxe5 13.Qe3 Rfe8 14.h3 Bh5 15.Rfd1 Nd7
16.Nh4 Bg6 17.Nxg6 hxg6 18.Rac1 Nc5 19.Rd5 Ne6 20.Rcd1 Rad8 21.Kh2 f6 22.Qd3 Kf7
23.e3 f5 24.Qc3 e4 25.Bf1 Kg8 26.Be2 Rd6 27.Rxd6 cxd6 28.Kg2 b6 29.Qd2 Rd8
30.Qd5 Qd7 31.h4 Ne7 32.Qd2 g5 33.hxg5 Nxg5 34.Qd4 Nc8 35.Rh1 Ne6 36.Qd1 Ne7
37.Qg1 Ng6 38.Qh2 Qf7  1-0

[Event "Harmonie Open A"]
[Site "Groningen NED"]
[Date "2005.12.24"]
[Round "2"]
[White "Skatchkov,P"]
[Black "Van Ruitenburg,J"]
[Result "1-0"]
[WhiteElo "2453"]
[BlackElo "2216"]

1.d4 Nf6 2.c4 e6 3.Nf3 Bb4+ 4.Nbd2 Nc6 5.e3 d6 6.Be2 O-O 7.O-O Bxd2 8.Bxd2 Ne4
9.Qc2 Nxd2 10.Nxd2 Qe7 11.Bf3 e5 12.Bxc6 bxc6 13.dxe5 Qxe5 14.Nf3 Qf5 15.Qxf5 Bxf5
16.c5 Rab8 17.b3 Be4 18.Nd2 Bd3 19.Rfc1 Rfd8 20.Nf3 a5 21.Nd4 Be4 22.cxd6 Rxd6
23.Rc5 Ra8 24.Rac1 Kf8 25.R1c4 Ra6 26.f3 Bd3 27.Rc3 Bg6 28.Rxc6 Raxc6 29.Rxc6 Rd7
30.Kf2 Bd3 31.Rc3 Bb1 32.a4 f5 33.Rc1 Bd3 34.Rd1 Bc2 35.Rc1 Bd3 36.Rc5 g6
37.Rxa5 Kf7 38.g3 Kf6 39.Rc5 g5 40.Rc3 Bb1 41.Rc6+ Kf7 42.a5 f4 43.a6 fxe3+
44.Kxe3 Re7+ 45.Re6 Rd7 46.a7  1-0

[Event "8th Open ch-Bajmok"]
[Site "Bajmok SCG"]
[Date "2005.12.28"]
[Round "4"]
[White "Tancik,K"]
[Black "Kovac,Z"]
[Result "1/2-1/2"]
[WhiteElo "2120"]
[BlackElo "2059"]

1.d4 e6 2.c4 Nf6 3.Nf3 Bb4+ 4.Nbd2 d5 5.Qa4+ Nc6 6.a3 Be7 7.e3 O-O 8.Qc2 Re8
9.b4 e5 10.dxe5 Ng4 11.cxd5 Ncxe5 12.Nxe5 Nxe5 13.Be2 Qxd5 14.O-O c6 15.Nf3 Bg4
16.Nxe5 Bxe2 17.Qxe2 Qxe5 18.Bb2 Qe6 19.Rfd1 Rad8  1/2-1/2

[Event "Masters"]
[Site "Hastings ENG"]
[Date "2006.01.06"]
[Round "10"]
[White "Chipanga,T"]
[Black "Briscoe,C"]
[Result "0-1"]
[WhiteElo "2189"]
[BlackElo "2151"]

1.d4 Nf6 2.c4 e6 3.Nf3 Bb4+ 4.Nbd2 b6 5.a3 Bxd2+ 6.Bxd2 Bb7 7.Bg5 d6 8.e3 Nbd7
9.Nd2 c5 10.b4 Qe7 11.f3 h6 12.Bh4 O-O 13.Bd3 d5 14.bxc5 bxc5 15.O-O Rac8
16.Kh1 Rc6 17.e4 cxd4 18.exd5 exd5 19.cxd5 Rd6 20.Re1 Qd8 21.Nc4 Rxd5 22.Be4 Rh5
23.Bxf6 Nxf6 24.Bxb7 Qc7 25.f4 Qxb7 26.Qxd4 Ng4 27.Kg1 Rxh2 28.Ra2 Qb3 29.Qd1 Rh1+
30.Kxh1 Qxa2 31.Qxg4 Qxc4 32.Kh2 a5 33.Re3 a4 34.Rg3 Qd4 35.f5 Rd8 36.Qh5 Qe5
37.Kh3 Rd4 38.Rg4 Rd3+ 39.g3 Qd5 40.Rxg7+ Kxg7 41.f6+ Kxf6 42.Qxh6+ Ke7 43.Qf6+ Kxf6  0-1

[Event "TCh-BEL 2005-6"]
[Site "Belgium BEL"]
[Date "2006.01.08"]
[Round "6"]
[White "Khenkin,I"]
[Black "Brunner,N"]
[Result "1-0"]
[WhiteElo "2603"]
[BlackElo "2392"]

1.d4 Nf6 2.Nf3 e6 3.c4 Bb4+ 4.Nbd2 b6 5.a3 Bxd2+ 6.Qxd2 Bb7 7.e3 d6 8.Be2 Nbd7
9.O-O O-O 10.b4 Qe7 11.Bb2 c5 12.Rfd1 Rfd8 13.dxc5 dxc5 14.Qd6 Qxd6 15.Rxd6 Kf8
16.Rad1 Ke7 17.Ng5 Ne8 18.R6d2 Nef6 19.Nxf7 Kxf7 20.Bxf6 Kxf6 21.Rxd7 Rxd7
22.Rxd7 Rb8 23.bxc5 bxc5 24.f3 a5 25.Rc7 Ba6 26.Rxc5 Rb2 27.Kf1 Rb1+ 28.Kf2 Rb2
29.Ke1 Rb1+ 30.Kd2 Rb2+ 31.Kd1 Rb1+ 32.Kc2 Rg1 33.g4 Rg2 34.Kd1 Rxh2 35.g5+ Ke7
36.Rc6  1-0

[Event "Keres Mem B"]
[Site "Tallin EST"]
[Date "2006.01.08"]
[Round "1"]
[White "Volodin,Alek"]
[Black "Smirnov,Arte"]
[Result "0-1"]
[WhiteElo "2244"]
[BlackElo "2376"]

1.d4 Nf6 2.c4 e6 3.Nf3 Bb4+ 4.Nbd2 a5 5.e3 O-O 6.Bd3 d6 7.O-O Nc6 8.Ne4 Nxe4
9.Bxe4 d5 10.Bd3 Bd6 11.e4 dxc4 12.Bxc4 e5 13.Bg5 Qe8 14.Bb5 Bd7 15.dxe5 Nxe5
16.Bxd7 Nxf3+ 17.Qxf3 Qxd7 18.Rfd1 Qb5 19.Be3 Qe5 20.g3 Rfe8 21.Rd4 Qe6 22.Bf4 Qf6
23.Rad1 h6 24.Kg2 Bxf4 25.Qxf4 Qxf4 26.gxf4 c5 27.Rc4 b6 28.Rd6 Rab8 29.Rd3 Red8
30.Rcc3 Kf8 31.Kf3 Ke7 32.h4 a4 33.a3 Ra8 34.Ke3 g6 35.Kd2 Rxd3+ 36.Kxd3 Rd8+
37.Ke3 Rd6 38.b3 axb3 39.Rxb3 Kd7 40.e5 Re6 41.Ke4 Kc6 42.Rf3 f5+ 43.Kd3 Kd5
44.Rh3 h5 45.f3 b5 46.Kc3 Ra6 47.Kb3 Ra4 48.Rg3 Rxf4 49.Rxg6 Rxf3+ 50.Kb2 Rf4
51.e6 Rf2+ 52.Kc1 f4 53.Rf6 f3 54.e7 Re2 55.Rxf3 Rxe7 56.Rf5+ Re5 57.Rf4 Re3
58.Rf5+ Kc4 59.Kb2 Re2+ 60.Kb1 Kb3 61.Kc1 Rc2+ 62.Kd1 Rc4 63.Rxh5 Kxa3 64.Rd5 Kb4
65.h5 Rh4 66.Kc2 Rh2+ 67.Kb1 c4 68.Rf5 c3 69.Kc1 Kc4  0-1

[Event "Keres Mem A"]
[Site "Tallin EST"]
[Date "2006.01.11"]
[Round "6"]
[White "Vitiugov,N"]
[Black "Miezis,N"]
[Result "0-1"]
[WhiteElo "2573"]
[BlackElo "2470"]

1.d4 Nf6 2.c4 e6 3.Nf3 Bb4+ 4.Nbd2 c5 5.a3 Bxd2+ 6.Qxd2 cxd4 7.Qxd4 Nc6 8.Qc3 d5
9.e3 O-O 10.b4 Re8 11.Bb2 Bd7 12.Rd1 Rc8 13.Qb3 Qe7 14.h3 a6 15.c5 e5 16.g4 d4
17.Bc4 Nd8 18.Rg1 Bc6 19.Nd2 Qd7 20.Qd3 Ne6 21.Qf5 Rcd8 22.Bb3 dxe3 23.fxe3 Qd3
24.Qxd3 Rxd3 25.Bxe6 fxe6 26.Nc4 Rb3 27.Bc1 Bf3 28.Nd6 Rf8 29.Rf1 Bxd1 30.Kxd1 Nd5
31.Rxf8+ Kxf8 32.Kc2 Rc3+ 33.Kb2 a5 34.e4 axb4 35.axb4 Rxc1 36.Kxc1 Nxb4
37.Kd2 Ke7 38.Nxb7 Kd7 39.Kc3 Nc6 40.Nd6 Nd4 41.Nf7 Nf3 42.Kd3 Kc6 43.Nd8+ Kd7
44.Nf7 Kc6 45.Ke3 Nh4 46.Ng5 Ng2+ 47.Kf3 Nf4 48.Nxh7 Nxh3 49.g5 Kxc5 50.Kg4 Nf4
51.g6 Nxg6 52.Ng5 Kd6 53.Nf3 Ke7 54.Kg5 Kf7 55.Nd2 Nf8 56.Nc4 Nh7+ 57.Kg4 Kf6
58.Nd6 Ng5 59.Kh5 g6+ 60.Kg4 Nf7 61.Nc4 Nh6+ 62.Kh4 Nf7 63.Kg4 Ke7 64.Nd2 Kd6
65.Nf3 Kc5 66.Nh4 g5 67.Ng6 Kd4 68.Kf3 Nh6 69.Nf8 g4+ 70.Kg3 Kxe4 71.Nxe6 Ke3
72.Nc7 Kd3 73.Nd5 Nf5+ 74.Kf2 g3+ 75.Kf3 e4+ 76.Kg4 Ne3+  0-1

[Event "TCh-FIN 2005-6"]
[Site "Joensuu FIN"]
[Date "2006.01.14"]
[Round "6"]
[White "Volodin,Alek"]
[Black "Raaste,E"]
[Result "1-0"]
[WhiteElo "2244"]
[BlackElo "2311"]

1.d4 Nf6 2.c4 e6 3.Nf3 Bb4+ 4.Nbd2 d5 5.e3 O-O 6.a3 Be7 7.Bd3 b6 8.O-O Bb7
9.b4 a5 10.b5 Nbd7 11.Bb2 Rc8 12.Rc1 c6 13.bxc6 Bxc6 14.Qe2 Re8 15.cxd5 exd5
16.Ne5 Nxe5 17.dxe5 Ne4 18.Nxe4 dxe4 19.Bc4 Bc5 20.e6 fxe6 21.Qg4 Rc7 22.Bxe6+ Kh8
23.Bf5 Qd5 24.Qh5 Qg8 25.Rfd1 Rce7 26.Qh3 Bb7 27.Bg6 Rf8 28.Rd2 a4 29.Rcd1 Bc8
30.Qh4 Bf5 31.Bh5 Qe6 32.Rd5 Rc7 33.Re5 Qb3 34.Ba1 Bg6 35.Rf1 Kg8 36.Bxg6 hxg6
37.Rxe4 Bxa3 38.Rxa4 Be7 39.Qe4 b5 40.Ra6 Bf6 41.Bxf6 Rxf6 42.Rxf6 gxf6 43.Qxg6+  1-0

[Event "Open"]
[Site "Zagreb CRO"]
[Date "2006.01.19"]
[Round "6"]
[White "Saric,A"]
[Black "Skrbin,K"]
[Result "1-0"]
[WhiteElo "2437"]
[BlackElo "2176"]

1.d4 Nf6 2.c4 e6 3.Nf3 Bb4+ 4.Nbd2 b6 5.a3 Bxd2+ 6.Qxd2 Bb7 7.g3 O-O 8.Bg2 d6
9.b4 a5 10.b5 Nbd7 11.O-O Qe7 12.a4 e5 13.e3 Ne4 14.Qc2 f5 15.Bb2 exd4 16.exd4 Qf7
17.Rae1 Qh5 18.Bc1 h6 19.Nh4 Rae8 20.f3 Ng5 21.Bxg5 hxg5 22.Nxf5 Qf7 23.Ne3 Re7
24.Qd3 Rfe8 25.Nc2 Nf6 26.Re3 Rxe3 27.Nxe3 Qe6 28.Nc2 g4 29.Re1 Qf7 30.Rxe8+ Qxe8
31.f4 Bxg2 32.Kxg2 Qe4+ 33.Qxe4 Nxe4 34.Ne3 Nc3 35.Nd5 Nxa4 36.Nxc7 Nc3 37.c5 dxc5
38.dxc5 Ne4 39.cxb6 Nd6 40.Nd5 a4 41.Nc3 a3 42.Kf2 Kf7 43.Ke3 Ke6 44.Kd3 Kd7
45.Kc2 Nf5 46.Kb3 Nd4+ 47.Kxa3 Nf3 48.Kb4 Nxh2 49.Ka5 Kc8 50.Ka6 Kb8 51.Nd5  1-0

[Event "Open"]
[Site "Zagreb CRO"]
[Date "2006.01.19"]
[Round "6"]
[White "Bosiocic,Mari"]
[Black "Zaja,I"]
[Result "1-0"]
[WhiteElo "2351"]
[BlackElo "2466"]

1.d4 Nf6 2.Nf3 e6 3.c4 Bb4+ 4.Nbd2 b6 5.a3 Bxd2+ 6.Bxd2 h6 7.g3 Bb7 8.Bg2 O-O
9.O-O d6 10.b4 Ne4 11.Ne1 Nd7 12.Be3 f5 13.Qc2 a5 14.Nd3 Qf6 15.c5 bxc5 16.dxc5 axb4
17.cxd6 Rxa3 18.Rxa3 bxa3 19.Qxc7 a2 20.Qxd7 a1=Q 21.Rxa1 Qxa1+ 22.Bf1 Bd5
23.Qc7 Ng5 24.Nf4 Nf7 25.Ng6 Rd8 26.Ne7+ Kf8 27.Ng6+ Kg8 28.Ne7+ Kf8 29.Bb6 Qf6
30.Bc5 g5 31.e3 Bf3 32.Bd4 e5 33.Bxe5 Qe6 34.Ng6+ Qxg6 35.Qe7+ Kg8 36.Bc4 Rb8
37.Ba2 f4 38.e4 Ra8 39.d7 Rxa2 40.Qe8+ Kh7  1-0

[Event "Gibtelecom Masters"]
[Site "Gibraltar ENG"]
[Date "2006.01.25"]
[Round "2"]
[White "Agrest,E"]
[Black "Schramm,B"]
[Result "1-0"]
[WhiteElo "2591"]
[BlackElo "2126"]

1.d4 Nf6 2.c4 e6 3.Nf3 Bb4+ 4.Nbd2 b6 5.a3 Bxd2+ 6.Qxd2 Bb7 7.e3 d6 8.Be2 Nbd7
9.b4 O-O 10.O-O Qe7 11.Bb2 Ne4 12.Qc2 f5 13.Rad1 e5 14.c5 dxc5 15.bxc5 Bd5
16.c6 Nb8 17.Nxe5 Qe6 18.Rc1 Rf6 19.f3 Ng5 20.Bc4 Bxc4 21.Qxc4 Nf7 22.d5 Qe7
23.Nxf7 Rxf7 24.e4 a5 25.e5 Na6 26.Kh1 Nc5 27.Bd4 f4 28.Rfe1 Re8 29.d6 Qe6
30.Bxc5  1-0

[Event "11th HIT Open A"]
[Site "Nova Gorica SLO"]
[Date "2006.01.27"]
[Round "1"]
[White "Kozul,Z"]
[Black "Nikolov,Sas"]
[Result "1-0"]
[WhiteElo "2600"]
[BlackElo "2381"]

1.d4 e6 2.c4 Nf6 3.Nf3 Bb4+ 4.Nbd2 d5 5.Qa4+ Nc6 6.a3 Be7 7.g3 O-O 8.Bg2 Re8
9.O-O Bf8 10.Rd1 a5 11.Qc2 a4 12.Nb1 Na5 13.Qxa4 Bd7 14.Qc2 Nxc4 15.b3 Nd6
16.Ne5 Bb5 17.a4 Ba6 18.Nc3 c6 19.Ba3 Nd7 20.Nxd7 Qxd7 21.Bc5 Qc7 22.a5 g6
23.e4 dxe4 24.Bxe4 Bg7 25.h4 Nxe4 26.Nxe4 Qd7 27.f4 Qd5 28.Kh2 Qf5 29.Rd2 Red8
30.Re1 Rd5 31.Qd1 Rd7 32.Bb6 h6 33.Qf3 Qd5 34.Qc3 Kh7 35.Re3 Re8 36.Nc5 Rd6
37.Re5 Bxe5 38.fxe5 Rd7 39.Nxd7 Qxd7 40.Bc5 Qd5 41.Qe3 Qd7 42.Rf2 Rh8 43.Kg1 Kg8
44.Rf3 Rh7 45.Kf2 Bb5 46.Ke1 Ba6 47.Kd2 Bb5 48.Kc3 Ba6 49.Kb2 Bb5 50.Qf2 Ba6
51.Rf6 Bd3 52.Qf3 Ba6 53.Rxg6+ Rg7 54.Rxh6 Rg6 55.Rxg6+ fxg6 56.Qf8+ Kh7
57.Kc3 Qg7 58.Kb4 Qh6 59.Qf7+ Kh8 60.Qf2 Qc1 61.Be7 Kg8 62.Qf8+  1-0

[Event "Gibtelecom Masters"]
[Site "Gibraltar ENG"]
[Date "2006.02.02"]
[Round "10"]
[White "Grooten,H"]
[Black "Schramm,B"]
[Result "1-0"]
[WhiteElo "2365"]
[BlackElo "2126"]

1.d4 Nf6 2.c4 e6 3.Nf3 Bb4+ 4.Nbd2 b6 5.a3 Bxd2+ 6.Bxd2 Bb7 7.Bg5 h6 8.Bh4 g5
9.Bg3 Ne4 10.d5 Nxg3 11.hxg3 d6 12.e3 Qf6 13.Nd4 e5 14.Nb5 Na6 15.Be2 Ke7
16.b4 c6 17.Nc3 Nc7 18.Bf3 cxd5 19.cxd5 Qg6 20.Bh5 Qh7 21.g4 Rac8 22.f3 Qg7
23.e4 Rhd8 24.Qd2 Ne8 25.Kf2 Nf6 26.Nd1 Rc7 27.Ne3 Kd7 28.a4 Qf8 29.a5 bxa5
30.Rxa5 a6 31.Qa2 Rdc8 32.Qa4+ Kd8 33.b5 axb5 34.Qxb5 Nd7 35.Ra7 Nc5 36.Nf5 Rd7
37.Qb6+ Ke8 38.Nxh6 Rdc7 39.Nxf7 Nxe4+ 40.fxe4 Rxf7+ 41.Ke3  1-0

[Event "FSIMB February"]
[Site "Budapest HUN"]
[Date "2006.02.06"]
[Round "3"]
[White "Toth,Li"]
[Black "Fodor,T jr"]
[Result "1-0"]
[WhiteElo "2215"]
[BlackElo "2302"]

1.d4 Nf6 2.c4 e6 3.Nf3 Bb4+ 4.Nbd2 b6 5.a3 Bxd2+ 6.Qxd2 Bb7 7.e3 O-O 8.Be2 a5
9.b3 d6 10.O-O Nbd7 11.Bb2 Ne4 12.Qc2 f5 13.Rad1 Ndf6 14.Nd2 Qe7 15.f3 Ng5
16.Nb1 Qe8 17.Nc3 Qg6 18.d5 Rae8 19.Bd3 Qh6 20.Nb5 exd5 21.Nxc7 Re7 22.Nxd5 Nxd5
23.cxd5 Bxd5 24.Bc4 Bxc4 25.Qxc4+ Kh8 26.Bd4 Rb7 27.Qd5 Rbb8 28.Rc1 Qe6 29.Qxe6 Nxe6
30.Rc6 Nxd4 31.exd4 Kg8 32.Rxd6 Rfd8 33.Rxd8+ Rxd8 34.Rd1 Kf7 35.Kf2 Rc8
36.Ke3 Rc3+ 37.Rd3 Rc2 38.Kf4 Rxg2 39.Kxf5 Rxh2 40.Rc3 Ke7 41.Rc6 Rh5+ 42.Ke4 Rb5
43.Rc7+ Kf6 44.Rc3 Ke6 45.f4 Kd6 46.Rh3 g6 47.a4 Rb4 48.Rxh7 Rxb3 49.Rh6 Rg3
50.f5 Rg4+ 51.Ke3 Kd5 52.fxg6 Ke6 53.g7+ Kf7 54.Rxb6 Rg3+ 55.Ke4 Ra3 56.Rg6 Kg8
57.d5 Rxa4+ 58.Kf5 Ra1 59.d6 a4 60.d7 Rd1 61.Ke6 a3 62.Rg2 Rd3 63.Ke7 Re3+
64.Kd6 Rd3+ 65.Ke7 Re3+ 66.Kf6 Rd3 67.Re2  1-0

[Event "FSIMB February"]
[Site "Budapest HUN"]
[Date "2006.02.11"]
[Round "8"]
[White "Fodor,T jr"]
[Black "Toth,E"]
[Result "1/2-1/2"]
[WhiteElo "2302"]
[BlackElo "2317"]

1.d4 Nf6 2.c4 e6 3.Nf3 Bb4+ 4.Nbd2 Nc6 5.a3 Bxd2+ 6.Qxd2 a5 7.b3 d6 8.Bb2 O-O
9.g3 Qe7 10.Bg2 e5 11.dxe5 dxe5 12.O-O Rd8 13.Qe3 Ng4 14.Qc3 f6 15.Rad1 Be6
16.Nd2 a4 17.b4 Qf7 18.Rfe1 Nh6 19.Be4 Qh5 20.Qc2 Nf5 21.Nf3 Nd6 22.Bd5 Qf7
23.e4 h6 24.Rd2 Bxd5 25.cxd5 Nb8 26.Nh4 Rc8 27.Qd1 Nd7 28.Rc2 b5 29.Bc1 Nb6
30.Rc6 Nbc4 31.Qg4 Kh7 32.Nf5 Rd8 33.Qh3 Nxf5 34.Qxf5+ Kh8 35.h4 Nd6 36.Qf3 Rd7
37.Kg2 Nc4 38.h5 Rd6 39.Rc5 Qd7 40.Rh1 Rf8 41.g4 Rb8 42.Kg3 Rbb6 43.Rd1 Qd8
44.Qc3 c6 45.Be3 Rb8 46.Qc1 Kh7 47.f4 Rc8 48.fxe5 fxe5 49.Qc3 Qf6 50.Qe1 Rf8
51.Qe2 Nxa3 52.Rc3 Nc4 53.Bc5 Qf4+ 54.Kh3 cxd5 55.exd5 Rff6 56.Bxd6 Nxd6
57.Re3 e4 58.Kg2 Qe5 59.Kh3 Rf4 60.Rc1 Nc4 61.Rxc4 bxc4 62.Qxc4 Qa1 63.Kg3 Qe5
64.Kh3 Qg5 65.Rg3 Qe5  1/2-1/2

[Event "Gran Abierto Mexicano"]
[Site "Morelia MEX"]
[Date "2006.02.18"]
[Round "4"]
[White "Almeida Saenz,A"]
[Black "Venegas,P"]
[Result "1-0"]
[WhiteElo "2369"]
[BlackElo "2198"]

1.d4 Nf6 2.Nf3 e6 3.c4 Bb4+ 4.Nbd2 d5 5.a3 Be7 6.Qc2 O-O 7.e4 dxe4 8.Nxe4 Nbd7
9.Be3 Nxe4 10.Qxe4 Nf6 11.Qf4 Qd6 12.Ne5 a5 13.Be2 Qb6 14.Nd3 Bd7 15.O-O a4
16.Rad1 Qa5 17.Bd2 Qa7 18.Ne5 Be8 19.Bc3 b5 20.d5 exd5 21.cxd5 Bd6 22.Qh4 Be7
23.Bd3 h6 24.Ng4 Nxg4 25.Qxe7 c5 26.Qh4 f5 27.h3 Nf6 28.Bxf5 Rd8 29.Rfe1 Qa8
30.Re7 Bf7 31.Bxf6 Rxd5 32.Rxd5 Qxd5 33.Qg4  1-0

[Event "13th Open Metalis"]
[Site "Bizovac CRO"]
[Date "2006.02.23"]
[Round "1"]
[White "Kozul,Z"]
[Black "Sulc,G"]
[Result "1-0"]
[WhiteElo "2600"]
[BlackElo "2068"]

1.d4 Nf6 2.c4 e6 3.Nf3 Bb4+ 4.Nbd2 c5 5.a3 Bxd2+ 6.Qxd2 Ne4 7.Qc2 f5 8.dxc5 Qf6
9.Be3 Nc6 10.g3 a5 11.Nd2 Ng5 12.f4 Nf7 13.Bg2 a4 14.O-O-O Ra5 15.Rhf1 Nfd8
16.Bg1 Nb8 17.e4 O-O 18.exf5 exf5 19.Bd5+ Kh8 20.g4 fxg4 21.Ne4 Qf5 22.Qc3 Ndc6
23.Rde1 h6 24.Nd6 Qf6 25.Qd2 Ra6 26.Qd1 Ra5 27.f5 Na6 28.Ne4 Qh4 29.Qd2 Nab8
30.f6 gxf6 31.Rxf6 Rxf6 32.Nxf6 Qxf6 33.Re8+ Kg7 34.Rg8+  1-0

[Event "TCh-CZE Extraliga 2005-6"]
[Site "Czech Rep CZE"]
[Date "2006.02.25"]
[Round "8"]
[White "Navara,D"]
[Black "Stocek,J"]
[Result "1/2-1/2"]
[WhiteElo "2660"]
[BlackElo "2580"]

1.d4 Nf6 2.c4 e6 3.Nf3 Bb4+ 4.Nbd2 O-O 5.a3 Be7 6.e4 d5 7.Bd3 c5 8.dxc5 a5
9.Qe2 dxe4 10.Nxe4 Na6 11.Bf4 Nxe4 12.Qxe4 g6 13.O-O-O Nxc5 14.Qe3 Bd7 15.Bh6 Qc7
16.Bxf8 Bxf8 17.Ne5 Bg7 18.Nxd7 Nxd7 19.Kb1 Nc5 20.Be2 a4 21.h4 h6 22.Rd2 Nb3
23.Rd3 Nc5 24.Rd2 Nb3 25.Rc2 Nd4 26.Rcc1 Nb3 27.Rcd1 Nc5 28.f4 Ra6 29.Rd2 Nb3
30.Rc2 Nd4 31.Rd2 Nb3 32.Rc2 Nd4 33.Rd2 Nb3 34.Rc2  1/2-1/2

[Event "TCh-NED 2005-6"]
[Site "Netherlands NED"]
[Date "2006.03.04"]
[Round "7"]
[White "Doettling,F"]
[Black "Deleyn,G"]
[Result "1-0"]
[WhiteElo "2542"]
[BlackElo "2300"]

1.d4 Nf6 2.Nf3 e6 3.c4 Bb4+ 4.Nbd2 d5 5.a3 Be7 6.e3 O-O 7.Bd3 b6 8.O-O c5
9.cxd5 exd5 10.b3 Nc6 11.Bb2 Bg4 12.Qc2 Qd6 13.Rac1 Rac8 14.dxc5 bxc5 15.h3 Bd7
16.Rfd1 h6 17.e4 Nd4 18.e5 Qe6 19.Bxd4 cxd4 20.exf6 Qxf6 21.Qb2 Rc3 22.Nb1 Rfc8
23.Nxc3 dxc3 24.Qe2 Bxa3 25.Qe5 Qxe5 26.Nxe5 Bxc1 27.Rxc1 Be8 28.Nf3 g6 29.Nd4 Kf8
30.Ne2 d4 31.Bc2  1-0

[Event "70th ch-BUL"]
[Site "Svilengrad BUL"]
[Date "2006.03.07"]
[Round "9"]
[White "Vasilev,M"]
[Black "Petkov,V"]
[Result "1-0"]
[WhiteElo "2451"]
[BlackElo "2512"]

1.d4 Nf6 2.c4 e6 3.Nf3 Bb4+ 4.Nbd2 O-O 5.a3 Be7 6.e4 d5 7.e5 Nfd7 8.b4 b6
9.Bb2 Bb7 10.Qc2 c5 11.Bd3 h6 12.dxc5 bxc5 13.b5 Nb6 14.O-O N8d7 15.cxd5 Bxd5
16.a4 a5 17.bxa6 Nb8 18.a5 N6d7 19.Bb5 Nxa6 20.Qa4 Ra7 21.Nc4 Nb4 22.Rfd1 Qa8
23.Nfd2 Nc6 24.Nf1 Nxa5 25.Nxa5 Nb6 26.Qa3 Rb8 27.Ne3 c4 28.Qc3 Rc8 29.Naxc4 Nxc4
30.Bxc4 Bxc4 31.Nxc4  1-0

[Event "TCh-HUN 2005-6"]
[Site "Hungary HUN"]
[Date "2006.03.19"]
[Round "9"]
[White "Gyimesi,Z"]
[Black "Ilincic,Z"]
[Result "1/2-1/2"]
[WhiteElo "2602"]
[BlackElo "2545"]

1.d4 Nf6 2.c4 e6 3.Nf3 Bb4+ 4.Nbd2 d5 5.a3 Be7 6.e3 O-O 7.Bd3 b6 8.O-O Nbd7
9.b3 Bb7 10.Bb2 c5 11.Qe2 a5 12.Rfd1 a4 13.bxa4 Rxa4 14.Bc2 Ra7 15.e4 dxe4
16.Nxe4 Nxe4 17.Bxe4 Bxe4 18.Qxe4 Qa8 19.Qe2 Bf6 20.d5 exd5 21.Rxd5 Re8 22.Qd2 Bxb2
23.Qxb2 Nf6 24.Rd6 Ra4 25.Qb3 Rb4 26.axb4 Qxa1+ 27.Rd1 Qa7 28.h3  1/2-1/2

[Event "ch-ARG s/f"]
[Site "Buenos Aires ARG"]
[Date "2006.03.24"]
[Round "4"]
[White "Calderon Fernandez,G"]
[Black "Lopez,Di"]
[Result "1-0"]
[WhiteElo "2287"]
[BlackElo "2120"]

1.d4 Nf6 2.c4 e6 3.Nf3 Bb4+ 4.Nbd2 b6 5.g3 Bb7 6.Bg2 d6 7.O-O Bxd2 8.Bxd2 Nbd7
9.b4 c5 10.bxc5 dxc5 11.Bf4 Qe7 12.dxc5 e5 13.Qa4 O-O 14.c6 Bxc6 15.Qxc6 Rac8
16.Qb7 exf4 17.Rfd1 fxg3 18.hxg3 Rxc4 19.Qxa7 Qxe2 20.Rxd7 Nxd7 21.Qxd7 Qb2
22.Re1 Rc1 23.Rxc1 Qxc1+ 24.Bf1 Qc3 25.Kg2 h5 26.Qb5 Qc5 27.Qxc5 bxc5 28.Bc4 g6
29.Ne5 Kg7 30.Nxf7 Rxf7 31.Bxf7 Kxf7 32.f4 Ke6 33.Kf3 Kd5 34.Ke3 Kc4 35.Kd2 Kb4
36.Kd3 Kb5 37.Kc3  1-0

[Event "TCh-NED 2005-6"]
[Site "Netherlands NED"]
[Date "2006.03.25"]
[Round "8"]
[White "Kalka,A"]
[Black "Brenninkmeijer,J"]
[Result "1-0"]
[WhiteElo "2401"]
[BlackElo "2511"]

1.d4 Nf6 2.c4 e6 3.Nf3 Bb4+ 4.Nbd2 b6 5.e3 Bb7 6.Bd3 c5 7.dxc5 bxc5 8.O-O Bxd2
9.Bxd2 Ne4 10.Be1 f5 11.b4 O-O 12.Rb1 Qc7 13.bxc5 Nxc5 14.Bc3 Be4 15.Bxe4 Nxe4
16.Bb4 Rf7 17.Rc1 Nc6 18.Be1 Rc8 19.Nd4 Nxd4 20.exd4 f4 21.f3 Nd6 22.d5 Nxc4
23.dxe6 dxe6 24.Qe2 Qc6 25.Bf2 Rfc7 26.Rc3 e5 27.Rfc1 Qd5 28.Bxa7 Rxa7 29.Rxc4 Rxc4
30.Rxc4 Rd7 31.Rc1 g6 32.h3 Kg7 33.Kh2 Kh6 34.a4 Qd2 35.Qxd2 Rxd2 36.Ra1 Rd6
37.a5 Ra6 38.Kg1 Kg5 39.Kf2 Kf5 40.Ra4 g5 41.Ke2 Ke6 42.Kd3 Kd5 43.Ra2 h5
44.Ra3 g4 45.hxg4 hxg4 46.Ra2 e4+ 47.fxe4+ Ke5 48.Ra4 Rd6+ 49.Ke2 Ra6 50.Kf2 Ke6
51.g3 f3 52.Ke3 Ke5 53.Ra2 Ra8 54.a6 Ra7 55.Ra5+ Ke6 56.Rg5 Kf6 57.Rxg4 Rxa6
58.Kxf3 Ra1 59.Rf4+ Ke6 60.Rh4 Rf1+ 61.Ke3 Re1+ 62.Kf4 Rf1+ 63.Kg5 Ke5 64.Rh8 Kxe4
65.Re8+ Kd5 66.g4 Kd6 67.Kg6 Kd7 68.Re4 Kd6 69.g5 Rf3 70.Kg7 Rf1 71.g6 Rf2
72.Kg8 Rf1 73.g7 Kd5 74.Rh4  1-0

[Event "TCh-FRA Top 16 Gp A"]
[Site "Montpellier FRA"]
[Date "2006.03.30"]
[Round "4"]
[White "Borne,N"]
[Black "Abergel,T"]
[Result "1/2-1/2"]
[WhiteElo "2342"]
[BlackElo "2426"]

1.d4 Nf6 2.c4 e6 3.Nf3 Bb4+ 4.Nbd2 d5 5.g3 O-O 6.Bg2 Nbd7 7.O-O Re8 8.Qc2 Bf8
9.e4 dxe4 10.Nxe4 c5 11.Nxc5 Nxc5 12.dxc5 Bxc5 13.Bg5 h6 14.Rad1 Qe7 15.Bf4 a5
16.Ne5 Ra7 17.Qd3 Ra6 18.Qe2 a4 19.a3 Rb6 20.Rd2 Rb3 21.Nd3 e5 22.Nxc5 Qxc5
23.Be3 Qc7 24.Rc1 Bg4 25.Qf1 e4 26.c5 Bf3 27.Bh3 Qe5 28.c6 bxc6 29.Rxc6 Rxb2
30.Rxb2 Qxb2 31.Qc1 Qe5 32.Rc8 Kh7 33.Rxe8 Qxe8 34.Qc8 Qxc8 35.Bxc8 Kg6 36.Bd4 Be2
37.Bb7 Bd3 38.Bc6 Bc2 39.Kf1 Kf5 40.h3 Ke6 41.Ke2 Kd6 42.Bb7 Nh5 43.Ke3 f5
44.Bc8 f4+ 45.gxf4 Kd5 46.f5 Nf6 47.Be6+ Kd6 48.Kd2 Bb1 49.Kc3 Ne8 50.Bf7 Ke7
51.Bh5 e3 52.Bxe3 Bxf5 53.h4 Nf6 54.Bd1 Nd5+ 55.Kd4 Nxe3 56.fxe3 Bd7 57.Ke5 g5
58.hxg5 hxg5 59.Bh5 Bc8 60.Bf3 Bd7 61.Bd5 Be8 62.Kf5 Kd6 63.Bg8 Bd7+ 64.Kxg5 Ke5
65.Bh7 Kd5 66.Bd3 Ke5 67.Kh4 Bc6 68.Kg3 Bd7 69.Kf2 Kd5 70.Ke2 Ke5 71.Kd2 Be8
72.Kc3 Bd7 73.Bg6 Bc6 74.Bf7 Bd7 75.Kd3 Bc6 76.Bg8 Bb7 77.Bf7 Bc6 78.Ke2 Bb5+
79.Kf3 Kd6 80.Ba2 Ke5 81.Bb1 Kd5 82.Ba2+ Ke5 83.Bg8 Bc6+ 84.Ke2 Kd6 85.Bc4 Kc5
86.Bd3 Kd5 87.Kf2 Ke5 88.Kg3 Bd7 89.Kh4 Kf6 90.Bc2 Be8 91.Kg4 Ke5 92.Kg5 Bc6
93.Kg6 Be4+ 94.Bxe4 Kxe4 95.Kg5 Kxe3 96.Kg4  1/2-1/2

[Event "TCh-FRA Top 16 Gp A"]
[Site "Montpellier FRA"]
[Date "2006.03.31"]
[Round "5"]
[White "Bergez,L"]
[Black "Muller,A"]
[Result "1-0"]
[WhiteElo "2341"]
[BlackElo "2169"]

1.d4 Nf6 2.c4 e6 3.Nf3 Bb4+ 4.Nbd2 O-O 5.a3 Be7 6.e4 d5 7.e5 Nfd7 8.b4 dxc4
9.Bxc4 Nb6 10.Bd3 a5 11.b5 a4 12.Qe2 c6 13.Qe4 g6 14.h4 Nd5 15.h5 f5 16.exf6 Nxf6
17.Qe3 Ng4 18.Qe4 Nf6 19.Qf4 Nxh5 20.Qh6 Rf5 21.Bxf5 exf5 22.Rxh5 gxh5 23.Nc4 cxb5
24.Nce5 Nc6 25.Bb2 Nxe5 26.dxe5 Ra6 27.Qxh5 Be6 28.Rd1 Qa5+ 29.Kf1 Bc4+ 30.Kg1 Be2
31.Qe8+ Bf8 32.e6 Qc7 33.Rd7  1-0

[Event "TCh-FRA Top 16 Gp A"]
[Site "Montpellier FRA"]
[Date "2006.04.01"]
[Round "6"]
[White "Bagheri,A"]
[Black "Riff,JN"]
[Result "1/2-1/2"]
[WhiteElo "2521"]
[BlackElo "2444"]

1.d4 Nf6 2.Nf3 e6 3.c4 Bb4+ 4.Nbd2 b6 5.a3 Bxd2+ 6.Bxd2 Bb7 7.Bf4 d6 8.h3 Nbd7
9.e3 O-O 10.Be2 Qe7 11.O-O Rfd8 12.b4 Nf8 13.Qb3 Ng6 14.Bh2 c5 15.Rfd1 Rac8
16.Rab1 Ba8 17.a4 Ne4 18.a5 cxb4 19.Qxb4 b5 20.Rdc1 bxc4 21.Rxc4 Rxc4 22.Qxc4 Bd5
23.Qc2 f5 24.Ne1 Qd7 25.Rc1 Rb8 26.f3 Nf6 27.Qc7 Rb2 28.Kf1 f4 29.Qxd7 Nxd7
30.e4 Bb7 31.Rc7 Nb8 32.Nd3 Rb1+ 33.Kf2 Ba6 34.Rxa7 Bxd3 35.Bxd3 Rb2+ 36.Kf1 Nc6
37.Ra8+ Kf7 38.Bg1 Ra2 39.Bf2 Rxa5 40.Rxa5 Nxa5 41.Bb5 Ne7 42.Ke2 d5 43.Kd3  1/2-1/2